000 00364nam a2200133Ia 4500
005 20260326235505.0
008 260326s9999||||xx |||||||||||||| ||und||
100 _aO'Gorman, James F.
245 0 _aABC of the Architecture /
_cJames F. O'Gorman
260 _bUniversity of Pennsylvania Press
300 _a127 p.
650 _aARQUITECTURA - ELEMENTOS
942 _cBK
999 _c8158
_d8158